000 01204nam a22003017a 4500
001 7927
003 FISKH
005 20250814094349.0
008 250814b cb ||||| |||| 00| 0 eng d
020 _a9781842367803
040 _aFISKH
_beng
_cFISKH
_dFISKH
050 _aQL467.P3525
082 _a 595.7
100 _aParker, Steve
_d(1952–)
245 _aI love bugs /
_cBy Steve Parker ; Illustrated by Richard Draper
250 _aThis edition first published in 2011
260 _aBardfield :
_bMIlesKelly,
_c2006
300 _a24 pages :
_bcolor illustrations ;
_c24 cm
505 _aC
520 _aFor those children who love creepy crawly bugs and insects, this book will be an exciting ride. Bugs come in all sizes and live all over the world, and this book introduces some of the most interesting of them. With extremely detailed illustrations, fun factual information, and many easy-to-do activities, this book will be a hit with early readers and bug lovers alike.
521 8 _a150
_bLexile
521 8 _aC
_bRaz-Plus
650 _2Bugs
_aAnimals
650 _2Non-fiction
_aInsects
700 _aDraper, Richard
_dillustrator
942 _2ddc
_cBK
_n0
999 _c7927
_d7927